ESSENTIALS OF MEDICAL SURGICAL NURING (Record no. 21875)

MARC details
000 -LEADER
fixed length control field 00376nam a22001577a 4500
003 - CONTROL NUMBER IDENTIFIER
control field SGT
020 ## - INTERNATIONAL STANDARD BOOK NUMBER
International Standard Book Number 9788194709084
082 ## - DEWEY DECIMAL CLASSIFICATION NUMBER
Classification number 610.7367
Item number E21B
100 ## - MAIN ENTRY--PERSONAL NAME
Personal name BASAVANTHAPPA, B.T.
245 ## - TITLE STATEMENT
Title ESSENTIALS OF MEDICAL SURGICAL NURING
250 ## - EDITION STATEMENT
Edition statement 2ND
260 ## - PUBLICATION, DISTRIBUTION, ETC. (IMPRINT)
Place of publication, distribution, etc INDIA
Name of publisher, distributor, etc JAYPEE PUB
Year of Publication 2021
300 ## - PAGE DESCRIPTION
No. of Pages 674
650 ## - SUBJECT ADDED ENTRY--TOPICAL TERM
Topical term or geographic name as entry element MEDICAL SURGICAL NURSING
942 ## - ADDED ENTRY ELEMENTS (KOHA)
Source of classification or shelving scheme Dewey Decimal Classification
Koha item type Books
942 ## - ADDED ENTRY ELEMENTS (KOHA)
-- 161
Holdings
Withdrawn status Lost status Source of classification or shelving scheme Damaged status Not for loan Collection code Home library Current library Shelving location Date acquired Vendor Name Cost, normal purchase price SGTU Bill Number Total Checkouts Full call number Accession No. (Barcode) Date last seen Date last borrowed Bill Date Koha item type
    Dewey Decimal Classification     NURSING SGT Medical Library SGT Medical Library Text Book 27/09/2021 JAYPEE PUB 1095.00 SGTU N5/INV/-1/2100076 43 610.7367 E21B FN4171 25/10/2025 01/10/2025   Books
    Dewey Decimal Classification     NURSING SGT Medical Library SGT Medical Library Text Book 27/09/2021 JAYPEE PUB 1095.00 SGTU N5/INV/-1/2100076 53 610.7367 E21B FN4172 12/01/2026 12/01/2026   Books
    Dewey Decimal Classification     NURSING SGT Medical Library SGT Medical Library Text Book 27/09/2021 JAYPEE PUB 1095.00 SGTU N5/INV/-1/2100076 37 610.7367 E21B FN4173 27/05/2026 26/05/2026   Books
    Dewey Decimal Classification     NURSING SGT Medical Library SGT Medical Library Text Book 27/09/2021 JAYPEE PUB 1095.00 SGTU N5/INV/-1/2100076 31 610.7367 E21B FN4174 03/01/2025 27/12/2024   Books
    Dewey Decimal Classification     NURSING SGT Medical Library SGT Medical Library Text Book 27/09/2021 JAYPEE PUB 1095.00 SGTU N5/INV/-1/2100076 8 610.7367 E21B FN4175 17/11/2025 17/11/2025   Books